| 000 | 00420nam a2200133Ia 4500 | ||
|---|---|---|---|
| 008 | 170221s9999 xx 000 0 und d | ||
| 100 | _aJingmin Cheng | ||
| 245 | _aWhat’s the Future of Doctors in China? | ||
| 245 | _cJingmin Cheng, Tengfei Tan | ||
| 260 | _bStudies in Media and Communication | ||
| 650 | _xCommunication | ||
| 650 | _xMedia Arts | ||
| 856 | _uhttp://redfame.com/journal/index.php/smc/issue/view/45 | ||
| 999 |
_c312846 _d312846 |
||